| 000 | 00655nam a2200181 i 4500 | ||
|---|---|---|---|
| 001 | 87167 | ||
| 003 | ES-MaACL | ||
| 005 | 20230906175618.0 | ||
| 007 | t| | ||
| 008 | 041220s1948 mx ||||1| spa d | ||
| 100 | 1 |
_aKoeppen, Wilhelm. _968449 |
|
| 245 | 1 | 0 |
_aClimatología _b: con un estudio de los climas de la tierra / _cWilhelm Koeppen ; versión directa de Pedro R. Hendrichs Pérez. |
| 250 | _a[1ª ed. en español]. | ||
| 260 |
_aMéxico, etc. : _bFondo de Cultura Económica, _c[1948] ( _fGráf. Panamericana) |
||
| 300 |
_a478 p., 5 lám. : _bil. ; _c22 cm. |
||
| 700 | 1 |
_aHendrichs Pérez, Pedro R. _962527 |
|
| 852 |
_aES-MaACL _jD-538 _bR.30956 |
||
| 999 |
_c87167 _d87167 |
||